000 01426nam a2200337 a 4500
001 ebr10649218
003 CaPaEBR
006 m u
007 cr cn|||||||||
008 121205s2012 gw a sb 001 0 eng d
010 _z 2012044391
020 _z9783110295047 (alk. paper)
020 _z9783110295108 (e-book)
040 _aCaPaEBR
_cCaPaEBR
035 _a(OCoLC)828738581
050 1 4 _aP224
_b.P754 2012eb
082 0 4 _a414
_223
245 0 0 _aProsody and embodiment in interactional grammar
_h[electronic resource] /
_cedited by Pia Bergmann ... [et al.].
260 _aBerlin ;
_aBoston :
_bDe Gruyter,
_c2012.
300 _a314 p. :
_bill.
490 1 _aLinguae & litterae : publications of the School of Language & Literature, Freiburg Institute for Advanced Studies,
_x1869-7054 ;
_v18
504 _aIncludes bibliographical references and index.
533 _aElectronic reproduction.
_bPalo Alto, Calif. :
_cebrary,
_d2013.
_nAvailable via World Wide Web.
_nAccess may be limited to ebrary affiliated libraries.
650 0 _aProsodic analysis (Linguistics)
650 0 _aGrammar, Comparative and general
_xPhonology.
655 7 _aElectronic books.
_2local
700 1 _aBergmann, Pia.
710 2 _aebrary, Inc.
830 0 _aLinguae & litterae ;
_v18.
856 4 0 _uhttp://site.ebrary.com/lib/rucke/Doc?id=10649218
_zAn electronic book accessible through the World Wide Web; click to view
999 _c154523
_d154523